000 00693nam a2200265 a 4500
001 nice12345678
003 IN_TiNIC
005 20260116013849.0
008 050524s1988 n.ya grp 000 0 eng
020 _a0913729
_c456
082 0 0 _a953
_bPER
100 _aPeroncel-Hugoz, Jean-Pierre
245 _aRaft of Mohammad
260 _aN.York
_bParagon House
_c1988
300 _a194p
500 _aincludes index and biblioraphy
505 2 _aMaps
650 _aArab Countries-Civilization-20th Ce
650 _aReligions-Fundamentalism
650 _aMinorities-Middle East
700 1 _aPeroncel-Hugoz, Jean-Pierre
902 _bSRS
942 _cBK
999 _c12849
_d12849